India's founding moment: (Record no. 513075)

000 -LEADER
fixed length control field 00510nam a22001457a 4500
020 ## - INTERNATIONAL STANDARD BOOK NUMBER
International Standard Book Number 9780674247987
082 ## - DEWEY DECIMAL CLASSIFICATION NUMBER
Classification number Cox54 K528
100 ## - MAIN ENTRY--PERSONAL NAME
Personal name Khosla, Madhav
9 (RLIN) 15393
245 ## - TITLE STATEMENT
Title India's founding moment:
Remainder of title the constitution of a most surprising democracy
Statement of responsibility, etc by Madhav Khosla
260 ## - PUBLICATION, DISTRIBUTION, ETC. (IMPRINT)
Place of publication, distribution, etc London
Name of publisher, distributor, etc Harvard Univ. Press
Date of publication, distribution, etc 2020
300 ## - PHYSICAL DESCRIPTION
Extent 219p.
650 ## - SUBJECT ADDED ENTRY--TOPICAL TERM
Topical term or geographic name as entry element Constitutional history -- India.
9 (RLIN) 15753
650 ## - SUBJECT ADDED ENTRY--TOPICAL TERM
Topical term or geographic name as entry element India. -- Constitution.
9 (RLIN) 15754
650 ## - SUBJECT ADDED ENTRY--TOPICAL TERM
Topical term or geographic name as entry element Ambedkar, B. R. -- (Bhimrao Ramji), -- 1891-1956.
9 (RLIN) 15755
Holdings
Withdrawn status Lost status Source of classification or shelving scheme Damaged status Koha normalized classification for sorting Not for loan Permanent location Current location Date acquired Total Checkouts Full call number Barcode Checked out Date last seen Date last borrowed Price effective from Koha item type
        COX_54_000000000000000_K528   Indian Institute of Public Administration Indian Institute of Public Administration 2020-01-16 1 Cox54 K528 88361 2020-03-20 2020-03-20 2020-03-20 2020-01-16 Book

Powered by Koha